| 000 | 00812nam a22002297a 4500 | ||
|---|---|---|---|
| 003 | OSt | ||
| 005 | 20240924065904.0 | ||
| 008 | 240924b |||||||| |||| 00| 0 eng d | ||
| 020 | _a9789710445493 | ||
| 040 |
_aDWCL-main lib. _cOC |
||
| 082 | _aFil. 899.211 M321p 2009 | ||
| 100 | _aMARCOS, LUCIVILLA L. | ||
| 245 |
_aPhilippine literary heritage from Spanish period to present / _cLucivilla L. Marcos, Marlyn Guilas Nielo, Suzette F. Valdez. |
||
| 260 |
_aManila : _bMindshapers Co., Inc., _cc2009. |
||
| 300 |
_aix, 341 pages ; _c25 cm. |
||
| 504 | _aIncludes bibliographical references. | ||
| 650 |
_aPhilippine literature _vCollections |
||
| 650 | _aPhilippine literature (English) | ||
| 700 | _aNielo, Marlyn Guilas | ||
| 700 | _aValdez, Suzette F. | ||
| 942 |
_2ddc _cBK - FIL _kFil. 899.211 M321p 2009 _n1 |
||
| 999 |
_c3089 _d3089 |
||